LEADER 00825nam0-2200301---450- 001 990008259060403321 005 20080429132745.0 035 $a000825906 035 $aFED01000825906 035 $a(Aleph)000825906FED01 035 $a000825906 100 $a20060119f19001915km-y0itay50------ba 101 0 $aita 102 $aIT 105 $aa-------001yy 200 1 $aOceania$fG. Pennesi, G. Grasso, F. Musone 210 $aMilano$cVallardi$d[191.] 215 $aXII, 411 p., [5] c.$cill.$d27 cm 225 1 $a<>popoli del mondo$eusi e costumi 610 0 $aOceania 700 1$aPennesi,$bGiuseppe$f<1854-1909>$0308193 801 0$aIT$bUNINA$gRICA$2UNIMARC 901 $aBK 912 $a990008259060403321 952 $aK-06-033$bIst. 4565$fILFGE 959 $aILFGE 996 $aOceania$9741920 997 $aUNINA LEADER 00908nam0-2200277 --450 001 9911057828003321 005 20260203141824.0 010 $a978-88-222-6988-1 100 $a20260203d2025----kmuy0itay5050 ba 101 0 $afre 102 $aIT 105 $a 001yy 200 1 $aTactus, notation mensuraliste et contrepoint à la Renaissance$epour un contexte théorique et une épistémologie pratique$fYves Fournier 210 $aFirenze$cOlschki$d2025 215 $aXIV, 583 p.$d24 cm 225 1 $aHistoriae musicae cultores$v162 610 0 $aNotazione mensurale 676 $a780.148$v23 700 1$aFournier,$bYves$f<1982- >$01890607 801 0$aIT$bUNINA$gREICAT$2UNIMARC 901 $aBK 912 $a9911057828003321 952 $a781 FOUY 01$b2025/4278$fFLFBC 959 $aFLFBC 996 $aTactus, notation mensuraliste et contrepoint à la Renaissance$94532676 997 $aUNINA